| 000 | 00470nam a2200169Ia 4500 | ||
|---|---|---|---|
| 003 | LK-CoDNM | ||
| 008 | 010623t1977 xxu||||| |||| 00| 1 sin d | ||
| 040 |
_aLK-CoDNM _dLK-CoDNM _eLK-CoDNM |
||
| 041 | _asin | ||
| 080 | _a8S-119 WIJ | ||
| 100 | _aWijesundara, Priyananda | ||
| 245 | _aමඳ නලක් නොව කුණාටුවකි | ||
| 246 | _aManda Nalak Nova Kunatuvaki | ||
| 260 |
_bAuthor _aPiliyandala _c1977 |
||
| 300 | _b40p., 21 cm | ||
| 942 | _cBK | ||
| 999 |
_c110271 _d110271 |
||